Деловая этика и её влияние на организацию; Проблемы управления рыночной экономикой; Т. 2

Bibliografiset tiedot
Parent link:Проблемы управления рыночной экономикой: межрегиональный сборник научных трудов/ Национальный исследовательский Томский политехнический университет (ТПУ) ; под ред. И. Е. Никулиной ; Л. Р. Тухватулиной ; Н. В. Черепановой.— , 2015
Т. 2.— 2015.— [С. 12-14]
Päätekijä: Белкина Е. В.
Yhteisötekijä: Национальный исследовательский Томский политехнический университет (ТПУ) Институт социально-гуманитарных технологий (ИСГТ) Кафедра менеджмента (МЕН)
Muut tekijät: Феденкова А. С. Анна Сергеевна (научный руководитель)
Yhteenveto:Заглавие с титульного экрана
Kieli:venäjä
Julkaistu: 2015
Sarja:Менеджмент
Aiheet:
Linkit:http://earchive.tpu.ru/handle/11683/19242
http://www.lib.tpu.ru/fulltext/c/2015/C53/V2/002.pdf
Aineistotyyppi: MixedMaterials Elektroninen Kirjan osa
KOHA link:https://koha.lib.tpu.ru/cgi-bin/koha/opac-detail.pl?biblionumber=614109

MARC

LEADER 00000naa2a2200000 4500
001 614109
005 20231101132806.0
035 |a (RuTPU)RU\TPU\conf\12273 
035 |a RU\TPU\conf\12272 
090 |a 614109 
100 |a 20150909d2015 k y0rusy50 ca 
101 0 |a rus 
102 |a RU 
105 |a y z 101zy 
135 |a drgn ---uucaa 
181 0 |a i  
182 0 |a b 
200 1 |a Деловая этика и её влияние на организацию  |f Е. В. Белкина  |g науч. рук. А. С. Феденкова 
203 |a Текст  |c электронный 
225 1 |a Менеджмент 
230 |a 1 компьютерный файл (pdf; 609 Kb) 
300 |a Заглавие с титульного экрана 
320 |a [Библиогр.: с. 14 (3 назв.)] 
337 |a Adobe Reader 
461 1 |0 (RuTPU)RU\TPU\conf\10370  |t Проблемы управления рыночной экономикой  |o межрегиональный сборник научных трудов  |h Вып. 16  |f Национальный исследовательский Томский политехнический университет (ТПУ) ; под ред. И. Е. Никулиной ; Л. Р. Тухватулиной ; Н. В. Черепановой  |d 2015 
463 1 |0 (RuTPU)RU\TPU\conf\11904  |t Т. 2  |v [С. 12-14]  |d 2015 
610 1 |a труды учёных ТПУ 
610 1 |a электронный ресурс 
610 1 |a деловая этика 
610 1 |a профессиональная этика 
610 1 |a руководители 
610 1 |a предприятия 
610 1 |a персонал 
700 1 |a Белкина  |b Е. В. 
702 1 |a Феденкова  |b А. С.  |c экономист  |c старший преподаватель Томского политехнического университета  |f 1984-  |g Анна Сергеевна  |2 stltpush  |4 727 
712 0 2 |a Национальный исследовательский Томский политехнический университет (ТПУ)  |b Институт социально-гуманитарных технологий (ИСГТ)  |b Кафедра менеджмента (МЕН)  |h 150  |2 stltpush  |3 (RuTPU)RU\TPU\col\18855 
801 2 |a RU  |b 63413507  |c 20210211  |g RCR 
856 4 |u http://earchive.tpu.ru/handle/11683/19242 
856 4 |u http://www.lib.tpu.ru/fulltext/c/2015/C53/V2/002.pdf 
942 |c BK